000 02753cam a2200445 4500
001 E132544
008 000000n2006 000 0 eng u
022 _a0964-4575
035 _a(Sirsi) u132544
041 _aeng
050 _a692.80212
_c18
110 _aUnited Kingdom
_bDepartment of Trade and Industry
245 _aPrice adjustment formulae for construction contracts
_bmonthly bulletin of indices
_bJanuary - November 2006
260 _aLondon
_bStationery Office
_c2006
300 _a12pt.
_c30cm.
350 _a133
505 _aSeries 3 - Building and specialist engineering formulae indices and 1990 series civil engineering formula indices and 1990 series structural steelwork formula indicies : work category indices (3/01 to 3/60); scaffolding indices (labour and materials); plant index; labour indices (building and plumbing); electrical installations indices (E1 and E2); mechanical installations indicies (H1 to H4); lift installation indicies (L1 to L4); catering equipment indices (C1 to C4); civil engineering formula indices (1 to 15); structural steelwork formula indices (S1 to S3).
505 _aSeries 2 - Building and specialist engineering formulae indices and 1970 series civil engineering formulae indicies : work category indices (2/1 to 2/49); labour indices (Appendix 1 to Appendix 4); scaffolding indices (Appendix 5 and Appendix 6); plant index (Appendix 7); electrical installations indices (E1 and E2); heating and ventilation and sprinkler installations indices (H1 to SP2); lift installations indices (L1 to L4); catering equipment indices (C1 to C4); structural steelwork indices (S1 and S2); civil egineering indices (1 to 11B); structural steelwork indices (12 and 13).
520 _aPrice adjustment formulae calculate the increase, or decrease, in contractors' costs over any period to the nearest month using indices published in this monthly bulletin. The Bulletin contains Series 3 (1990=100) and Series 2 (1970/6=100) indices. The original Series 1 indices ceased with the December 1981 values.
650 _aBAXTER INDICES
650 _aBUILT ENVIRONMENT-BUILDING CONTRACT FORMS
650 _aCATERING EQUIPMENT
650 _aCIVIL ENGINEERING
650 _aELECTRICAL INSTALLATIONS
650 _aHEATING SYSTEMS
650 _aLABOUR COSTS
650 _aLIFTS
650 _aMECHANICAL SERVICES
650 _aNEDO INDICES
650 _aOSBORNE INDICES
650 _aPLANT AND MACHINERY
650 _aPRICE ADJUSTMENT FORMULAE
650 _aSCAFFOLDING
650 _aSPRINKLERS
650 _aSTRUCTURAL STEELWORK
650 _aVENTILATION SYSTEMS
690 _aBUILT ENVIRONMENT-BUILDING COSTS
710 _aOffice for National Statistics
_92210
942 _n0
999 _c105180
_d105180